La educación física en educación infantil (Record no. 16624)

MARC details
000 -LEADER
campo de control de longitud fija 01617nmc a2200505 a 4500
003 - IDENTIFICADOR DE NÚMERO DE CONTROL
campo de control AR-BaBNM
005 - FECHA Y HORA DE LA ÚLTIMA TRANSACCIÓN
campo de control 20251128210726.0
008 - DATOS DE LONGITUD FIJA--INFORMACIÓN GENERAL
campo de control de longitud fija 106020s2004 ||||||||||||||000 | spa||
020 ## - NÚMERO INTERNACIONAL ESTÁNDAR DEL LIBRO
Número Internacional Estándar del Libro 84-95294-63-X
040 ## - FUENTE DE CATALOGACIÓN
Centro/agencia transcriptor AR-BaBNM
245 10 - MENCIÓN DEL TÍTULO
Título La educación física en educación infantil
Resto del título una propues[t]a y algunas experiencias
250 ## - MENCION DE EDICION
Mención de edición 1ª ed.
260 ## - PUBLICACIÓN, DISTRIBUCIÓN, ETC.
Lugar de publicación, distribución, etc. Madrid
Nombre del editor, distribuidor, etc. Miño y Dávila Editores
Fecha de publicación, distribución, etc. 2004
300 0# - DESCRIPCIÓN FÍSICA
Extensión 313 p.
490 #0 - MENCIÓN DE SERIE
Mención de serie Colección Educación física y deporte en la escuela
650 #4 - PUNTO DE ACCESO ADICIONAL DE MATERIA--TÉRMINO DE MATERIA
Término de materia o nombre geográfico como elemento de entrada EDUCACION FISICA
650 #4 - PUNTO DE ACCESO ADICIONAL DE MATERIA--TÉRMINO DE MATERIA
Término de materia o nombre geográfico como elemento de entrada ACTIVIDADES DE LA CLASE
650 #4 - PUNTO DE ACCESO ADICIONAL DE MATERIA--TÉRMINO DE MATERIA
Término de materia o nombre geográfico como elemento de entrada PROYECTOS
650 #4 - PUNTO DE ACCESO ADICIONAL DE MATERIA--TÉRMINO DE MATERIA
Término de materia o nombre geográfico como elemento de entrada EVALUACION DEL ALUMNO
653 #0 - TÉRMINO DE INDIZACIÓN--NO CONTROLADO
Término no controlado EDUCACION INICIAL
653 #0 - TÉRMINO DE INDIZACIÓN--NO CONTROLADO
Término no controlado ESTRATEGIAS DIDACTICAS
653 #0 - TÉRMINO DE INDIZACIÓN--NO CONTROLADO
Término no controlado EXPERIENCIAS EDUCATIVAS
653 #0 - TÉRMINO DE INDIZACIÓN--NO CONTROLADO
Término no controlado NECESIDADES EDUCATIVAS ESPECIALES
653 #0 - TÉRMINO DE INDIZACIÓN--NO CONTROLADO
Término no controlado ORGANIZACION DEL ESPACIO ESCOLAR
700 1# - ENTRADA AGREGADA--NOMBRE PERSONAL
Nombre de persona López Pastor, Víctor M.
Término indicativo de función/relación coordinador
700 1# - ENTRADA AGREGADA--NOMBRE PERSONAL
Nombre de persona Abad, Mavela
700 1# - ENTRADA AGREGADA--NOMBRE PERSONAL
Nombre de persona Aldama Gil, Beatriz
700 1# - ENTRADA AGREGADA--NOMBRE PERSONAL
Nombre de persona Alonso Lozano, Alvaro
700 1# - ENTRADA AGREGADA--NOMBRE PERSONAL
Nombre de persona Amorós, Virginia
700 1# - ENTRADA AGREGADA--NOMBRE PERSONAL
Nombre de persona Antón Miñambres, María Ascensión
700 1# - ENTRADA AGREGADA--NOMBRE PERSONAL
Nombre de persona Consuegra Romero, Yolanda
700 1# - ENTRADA AGREGADA--NOMBRE PERSONAL
Nombre de persona García de la Puente, José Manuel
700 1# - ENTRADA AGREGADA--NOMBRE PERSONAL
Nombre de persona Gómez Martín, Sara
700 1# - ENTRADA AGREGADA--NOMBRE PERSONAL
Nombre de persona Hidalgo Sandín, Roberto
700 1# - ENTRADA AGREGADA--NOMBRE PERSONAL
Nombre de persona Llorente Lumbreras, Irene
700 1# - ENTRADA AGREGADA--NOMBRE PERSONAL
Nombre de persona Miguel Arroyo, Angela
700 1# - ENTRADA AGREGADA--NOMBRE PERSONAL
Nombre de persona Palomo Martín, Helena
700 1# - ENTRADA AGREGADA--NOMBRE PERSONAL
Nombre de persona Pedraza González, Miguel
700 1# - ENTRADA AGREGADA--NOMBRE PERSONAL
Nombre de persona Sancho Coco, Beatriz
700 1# - ENTRADA AGREGADA--NOMBRE PERSONAL
Nombre de persona Santos Marcos, Judith
700 1# - ENTRADA AGREGADA--NOMBRE PERSONAL
Nombre de persona Vázquez Santamaría, Laura
700 1# - ENTRADA AGREGADA--NOMBRE PERSONAL
Nombre de persona Vicente Olmos, Sara de
942 ## - ELEMENTOS DE ENTRADA SECUNDARIOS (KOHA)
Tipo de ítem Koha Libros
998 ## - INFORMACIÓN DE CONTROL LOCAL (RLIN)
Iniciales del catalogador, CIN (RLIN) me-solo cat
Holdings
Estatus retirado Estado de pérdida Fuente de la clasificación o esquema de estantería Estado de daño No para préstamo Biblioteca de origen Biblioteca actual Fecha de adquisición Fuente de adquisición Total de préstamos Signatura topográfica completa Código de barras Visto por última vez Precio de reemplazo Tipo de ítem Koha
    Clasificación Decimal Dewey     Liberty Liberty 28/11/2025 C-BP-005   372.879 LOP 139004 28/11/2025 28/11/2025 Libros
    Clasificación Decimal Dewey     Liberty Liberty 28/11/2025 C-BP-005   372.879 LOP 139005 28/11/2025 28/11/2025 Libros
    Clasificación Decimal Dewey     Liberty Liberty 28/11/2025 C-BP-005   372.879 LOP 139225 28/11/2025 28/11/2025 Libros